Sistema de Gestión de historia Clínica Odontológica para el Consultorio Dental Dreams
Presenta una automatización del registro y administración de expedientes entre estos: registros de pacientes, registro de citas, entre otros servicios, a través de la implantación de un sistema web.
| Main Author: | |
|---|---|
| Other Authors: | |
| Format: | Tesis Section = Libro |
| Language: | Undetermined Spanish |
| Published: |
Managua
UNI
2019
|
| Subjects: |
| LEADER | 00993nam a2200253Ia 4500 | ||
|---|---|---|---|
| 008 | 240830s9999 xx 000 0 und d | ||
| 040 | |a BIBLIOTECA-RUSB/ Mon 004.35 Ñ999 | ||
| 041 | |a spa | ||
| 082 | |a Mon 004.35 Ñ999 | ||
| 100 | 1 | |a Ñurinda Rivas, María Auxiliadora | |
| 245 | 1 | 0 | |a Sistema de Gestión de historia Clínica Odontológica para el Consultorio Dental Dreams |
| 260 | |a Managua |b UNI |c 2019 | ||
| 300 | |a 121 p. :il. | ||
| 500 | |a Incluye anexos y CD. | ||
| 502 | |a Tesis (Ingeniero en Computación) - UNI, 2019. | ||
| 520 | 3 | |a Presenta una automatización del registro y administración de expedientes entre estos: registros de pacientes, registro de citas, entre otros servicios, a través de la implantación de un sistema web. | |
| 650 | 7 | |a SISTEMA DE GESTION | |
| 650 | 7 | |b DESARROLLO DE SOFTWARE | |
| 650 | 7 | |c EXPEDIENTES CLINICOS | |
| 650 | 7 | |d SOFTWARE | |
| 700 | 1 | |a Tutor: |b Duarte Mora, Lizette Carolina | |
| 942 | |c BK |2 ddc | ||
| 991 | |a TESIS | ||
| 999 | |c 22168 | ||